Environmental Law / (Record no. 81635)
[ view plain ]
| 000 -LEADER | |
|---|---|
| fixed length control field | 00616nam a2200229 a 4500 |
| 001 - CONTROL NUMBER | |
| control field | 81635 |
| 003 - CONTROL NUMBER IDENTIFIER | |
| rucl marc code | BD-RjUL |
| 005 - DATE AND TIME OF LATEST TRANSACTION | |
| control field | 20231016114003.0 |
| 008 - FIXED-LENGTH DATA ELEMENTS--GENERAL INFORMATION | |
| fixed length control field | 230803s2022 ii ||||| |||| 00| 0 eng d |
| 020 ## - INTERNATIONAL STANDARD BOOK NUMBER | |
| International Standard Book Number | 9789394364899 |
| 035 ## - SYSTEM CONTROL NUMBER | |
| System control number | (BD-RjUL)81635 |
| 040 ## - CATALOGING SOURCE | |
| Original cataloging agency | BD-RjUL |
| Language of cataloging | eng |
| Transcribing agency | BD-RjUL |
| 041 ## - LANGUAGE CODE | |
| Language code of text/sound track or separate title | eng |
| 082 ## - DEWEY DECIMAL CLASSIFICATION NUMBER | |
| Edition number | 23 |
| Classification number | 344.54046 |
| Author mark and year | SHE 2022 |
| 100 ## - MAIN ENTRY--PERSONAL NAME | |
| Personal name | Shastri, C. Satish |
| 9 (RLIN) | 8208 |
| 245 10 - TITLE STATEMENT | |
| Title | Environmental Law / |
| Statement of responsibility, etc. | Satish C. Shastri |
| 250 ## - EDITION STATEMENT | |
| Edition statement | 7th ed. |
| 260 ## - PUBLICATION, DISTRIBUTION, ETC. (IMPRINT) | |
| Place of publication, distribution, etc. | Lucknow : |
| Name of publisher, distributor, etc. | Eastern Book Company, |
| Date of publication, distribution, etc. | 2022 |
| 300 ## - PHYSICAL DESCRIPTION | |
| Pagination | 647 p.; |
| Size | 25 cm. |
| 650 ## - SUBJECT ADDED ENTRY--TOPICAL TERM | |
| Topical term or geographic name as entry element | Environmental law |
| Geographic subdivision | India |
| 9 (RLIN) | 8209 |
| 942 ## - ADDED ENTRY ELEMENTS (KOHA) | |
| Source of classification or shelving scheme | Dewey Decimal Classification |
| Koha item type | Books |
| Lost status | Source of classification or shelving scheme | Damaged status | Not for loan | Collection code | Permanent Location | Current Location | Shelving location | Date acquired | Source of acquisition | Cost, normal purchase price | Total Checkouts | Full call number | Date last seen | Copy number | Koha item type |
|---|---|---|---|---|---|---|---|---|---|---|---|---|---|---|---|
| Dewey Decimal Classification | Not For Loan | Non-fiction | Central Library, University of Rajshahi | Central Library, University of Rajshahi | Reading Room | 24/05/2023 | Dhaka: Omni Concept | 843.75 | 344.54046 SHE 2022 | 03/08/2023 | C-1 | Books | |||
| Dewey Decimal Classification | Non-fiction | Central Library, University of Rajshahi | Central Library, University of Rajshahi | General Stacks | 24/05/2023 | Dhaka: Omni Concept | 843.75 | 344.54046 SHE 2022 | 03/08/2023 | C-2 | Books | ||||
| Dewey Decimal Classification | Non-fiction | Central Library, University of Rajshahi | Central Library, University of Rajshahi | General Stacks | 07/08/2023 | Dhaka: Omni Concept | 843.75 | 344.54046 SHE 2022 | 16/10/2023 | C-3 | Books | ||||
| Dewey Decimal Classification | Non-fiction | Central Library, University of Rajshahi | Central Library, University of Rajshahi | General Stacks | 07/08/2023 | Dhaka: Omni Concept | 843.75 | 344.54046 SHE 2022 | 16/10/2023 | C-4 | Books |